Advanced Technologies for Meat Processing (Record no. 14565)
[ view plain ]
| 000 -LEADER | |
|---|---|
| fixed length control field | 00337nam a22001337a 4500 |
| 020 ## - INTERNATIONAL STANDARD BOOK NUMBER | |
| ISBN | 1574445871 |
| 082 ## - DEWEY DECIMAL CLASSIFICATION NUMBER | |
| Classification number | 664.0282 |
| Item number | NOL/AD |
| 245 ## - TITLE STATEMENT | |
| Title | Advanced Technologies for Meat Processing |
| 260 ## - PUBLICATION, DISTRIBUTION, ETC. (IMPRINT) | |
| Place of publication | New York |
| Name of publisher | CRC Taylor and Francis |
| Year of publication | 2006 |
| 300 ## - PHYSICAL DESCRIPTION | |
| Number of Pages | 483 |
| 700 ## - ADDED ENTRY--PERSONAL NAME | |
| Personal name | Nollet,Leo M.L |
| 700 ## - ADDED ENTRY--PERSONAL NAME | |
| Personal name | Toldra,Fidel |
| 942 ## - ADDED ENTRY ELEMENTS (KOHA) | |
| Koha item type | Books |
| Withdrawn status | Lost status | Damaged status | Collection code | Home library | Current library | Shelving location | Date acquired | Source of acquisition | Cost, normal purchase price | Full call number | Accession Number | Koha item type |
|---|---|---|---|---|---|---|---|---|---|---|---|---|
| KAUAET | KAUAET | General Stacks | 16/07/2016 | Dream Tech, Trivandrum | 4495.00 | 664.0282 NOL/AD | 24425 | Books |
